[Event "exe Slovakia Open 2025"]
[Site "Bratislava SVK"]
[Date "2025.09.21"]
[Round "9.21"]
[White "Zetocha, Adrian"]
[Black "Boesel, Alexander"]
[Result "1-0"]
[WhiteTitle "FM"]
[WhiteElo "2183"]
[BlackElo "2054"]
[WhiteFideId "14950430"]
[BlackFideId "4623185"]
[EventDate "2025.09.13"]

1. d4 d5 2. c4 e6 3. Nc3 Nf6 4. cxd5 exd5 5. Bg5 c6 6. e3 h6 7. Bh4 Be7 8. Bd3
O-O 9. Nge2 Re8 10. Qc2 Nbd7 11. h3 a5 12. O-O Nh5 13. Bxe7 Qxe7 14. a3 Qg5 15.
b4 Ndf6 16. Kh2 Qh4 17. b5 g6 18. Ng1 Rxe3 19. Bxg6 Bxh3 20. Nxh3 Ng4+ 21. Kg1
Rxh3 22. gxh3 Nf4 23. Qf5 Nxh3+ 24. Kg2 fxg6 25. Qf3 Nhxf2 26. Qg3 Qh5 27. Rxf2
Nxf2 28. Qxf2 Rf8 29. Qg3 Qf5 30. Re1 Rf7 31. bxc6 bxc6 32. Nd1 Kh7 33. Nf2 Qc2
34. Re6 a4 35. Qe3 Qb3 36. Qxb3 axb3 37. Rxc6 Ra7 38. Nd3 Rxa3 39. Nc5 Ra2+ 40.
Kf3 b2 41. Rb6 h5 42. Kf4 Kh6 43. Rb8 h4 44. Ne6 Kh7 45. Rb7+ Kg8 46. Kg5 b1=Q
47. Rxb1 Kf7 48. Nf4 Ra4 49. Rb7+ Ke8 50. Ne6 1-0

[Event "exe Slovakia Open 2025"]
[Site "Bratislava SVK"]
[Date "2025.09.21"]
[Round "9.23"]
[White "Bury, Rastislav"]
[Black "Ondreicka, Roman"]
[Result "1-0"]
[WhiteElo "2096"]
[BlackElo "1938"]
[WhiteFideId "14907585"]
[BlackFideId "14980231"]
[EventDate "2025.09.13"]

1. d4 g6 2. Nf3 Bg7 3. g3 d6 4. Bg2 Nd7 5. O-O e5 6. c4 Ne7 7. Nc3 O-O 8. e4 Nc6
9. Be3 exd4 10. Nxd4 Nde5 11. b3 Ng4 12. Nxc6 Nxe3 13. Qe2 bxc6 14. Qxe3 Be6 15.
Rad1 Qe7 16. Rd2 Rad8 17. e5 d5 18. cxd5 cxd5 19. Bxd5 Bxd5 20. Rxd5 Rxd5 21.
Nxd5 Qxe5 22. Qxe5 Bxe5 23. Rc1 Re8 24. Rc4 Kh8 25. Nxc7 Rd8 26. Nb5 Rd2 27. Ra4
Kg7 28. Rxa7 Rd5 29. Na3 Rd1+ 30. Kg2 Bd4 31. Rc7 Bb6 32. Rc2 Rd5 33. Nc4 Bc7
34. Ne3 Rd7 35. b4 Bd6 36. Rd2 1-0

[Event "exe Slovakia Open 2025"]
[Site "Bratislava SVK"]
[Date "2025.09.21"]
[Round "9.24"]
[White "Babula, Matej"]
[Black "Shlaen, Rem"]
[Result "1-0"]
[WhiteElo "2012"]
[BlackElo "1995"]
[WhiteFideId "398322"]
[BlackFideId "2812932"]
[EventDate "2025.09.13"]

1. e4 c5 2. Nf3 Nc6 3. d4 cxd4 4. Nxd4 Nf6 5. Nc3 e5 6. Ndb5 d6 7. Bg5 a6 8. Na3
b5 9. Nd5 Be7 10. Bxf6 Bxf6 11. c4 b4 12. Nc2 a5 13. g3 h5 14. h4 g6 15. Bg2 Bg7
16. Qd3 O-O 17. O-O Be6 18. b3 Qb8 19. a3 bxa3 20. Rxa3 Bxd5 21. Qxd5 Nb4 22.
Nxb4 Qxb4 23. Rfa1 Rab8 24. Bh3 Rb7 25. Bf1 Rb6 26. Bd3 Qc3 27. Rb1 a4 28. Rxa4
Rxb3 29. Rxb3 Qxb3 30. Ra7 Qb8 31. Rd7 Bf6 32. Rxd6 Rd8 33. c5 Be7 34. Bc4 Bxd6
35. Qxf7+ Kh8 36. Qf6+ Kh7 37. Bf7 Qb1+ 38. Kh2 Qxe4 39. Qxd8 Kg7 40. Qg8+ Kf6
41. cxd6 1-0

[Event "exe Slovakia Open 2025"]
[Site "Bratislava SVK"]
[Date "2025.09.21"]
[Round "9.25"]
[White "Sommerbauer-Cornell, Ben"]
[Black "Zawisza, Alan"]
[Result "0-1"]
[WhiteElo "1977"]
[BlackElo "2084"]
[WhiteFideId "494712"]
[BlackFideId "91131456"]
[EventDate "2025.09.13"]

1. e4 c5 2. d4 cxd4 3. c3 dxc3 4. Nxc3 e6 5. Nf3 a6 6. Bc4 b5 7. Bd3 Nc6 8. Qe2
Nge7 9. O-O Ng6 10. a4 b4 11. Nd5 Bd6 12. Ng5 exd5 13. exd5+ Nce7 14. f4 h6 15.
Ne4 O-O 16. f5 Ne5 17. f6 N7g6 18. fxg7 Kxg7 19. Nf6 Rh8 20. Be3 Qe7 21. Rae1
Bb7 22. Bd4 Rae8 23. Bxg6 fxg6 24. Ng4 Bc5 25. Qe4 Bxd4+ 26. Qxd4 d6 27. Qxb4
Bxd5 28. Qd4 Ba8 29. b4 h5 30. Nf2 Rhf8 31. Ne4 Bxe4 32. Qxe4 Rxf1+ 33. Rxf1 Ng4
34. Qd5 Qe3+ 0-1

[Event "exe Slovakia Open 2025"]
[Site "Bratislava SVK"]
[Date "2025.09.21"]
[Round "9.26"]
[White "Iankin, Arseni"]
[Black "Janik, Marek Tobias"]
[Result "0-1"]
[WhiteElo "1976"]
[BlackElo "2045"]
[WhiteFideId "24224073"]
[BlackFideId "73612715"]
[EventDate "2025.09.13"]

1. e4 e6 2. d4 d5 3. exd5 exd5 4. Nf3 Bd6 5. Bd3 Ne7 6. h3 h6 7. Nc3 c6 8. Ne2
Bf5 9. Bf4 O-O 10. Bxd6 Qxd6 11. Ng3 Qe6+ 12. Be2 Be4 13. O-O Nd7 14. Nd2 Bg6
15. Re1 Qd6 16. Bh5 Rae8 17. c3 Nf6 18. Bxg6 Nxg6 19. Qc2 Nf4 20. Nf3 Ne4 21.
Nxe4 dxe4 22. Ne5 f6 23. Qb3+ Kh7 24. Nc4 Qd5 25. Ne3 Qg5 26. Kh1 Nd3 27. Re2 f5
28. Rf1 f4 29. Ng4 h5 30. Nh2 f3 31. gxf3 exf3 32. Nxf3 Rxf3 33. Rxe8 Rxh3# 0-1

[Event "exe Slovakia Open 2025"]
[Site "Bratislava SVK"]
[Date "2025.09.21"]
[Round "9.27"]
[White "Striskova, Lucia"]
[Black "Krupa, Andrej"]
[Result "1/2-1/2"]
[WhiteTitle "WFM"]
[WhiteElo "2042"]
[BlackElo "1870"]
[WhiteFideId "14960958"]
[BlackFideId "73619876"]
[EventDate "2025.09.13"]

1. e4 c5 2. Nf3 d6 3. d4 cxd4 4. Nxd4 g6 5. c4 Bg7 6. Nc3 Nc6 7. Be3 Nf6 8. Be2
O-O 9. O-O Nxd4 10. Bxd4 Be6 11. Rc1 Qa5 12. Qd2 Nxe4 13. Nxe4 Qxd2 14. Nxd2
Bxd4 15. b3 Bf5 16. g4 Bd7 17. Bf3 Bc6 18. Rfe1 Be5 19. Rcd1 Rfe8 20. Re2 Bf4
21. Bxc6 bxc6 22. Ne4 Rab8 23. Kg2 a5 24. Rde1 Kf8 25. h4 h6 26. Kf3 Be5 27. Nc5
Red8 28. g5 Bc3 29. Rc1 Bg7 30. Nd3 h5 31. Kg2 e6 32. c5 d5 33. f4 Rb5 34. Kf3
Ra8 35. Rec2 Bd4 36. Re1 Re8 37. Kg3 Rb7 38. Kf3 Rbe7 39. Rce2 Kg7 40. Kg2 f6
41. gxf6+ Kxf6 42. Ne5 Bxe5 43. Rxe5 Rb8 44. R1e3 Rb4 45. Kf3 Rd4 46. a3 Rd1 47.
Rc3 Ra1 48. a4 Rh1 49. Kg3 Rg1+ 50. Kh3 Rg4 51. Rf3 d4 52. Re4 Rd7 53. Rd3 Rd5
54. Rdxd4 Rxc5 55. Rc4 Rxc4 56. Rxc4 Kf5 57. Rxc6 Rxf4 58. Rc5+ e5 59. Rxa5 Rf3+
60. Kg2 Rxb3 61. Rb5 Ra3 62. a5 Kf4 63. Rb6 Ra2+ 64. Kf1 Kf5 65. a6 g5 66. hxg5
Kxg5 67. Re6 Kf5 68. Rh6 Ke4 69. Rxh5 Rxa6 70. Rh3 Ra2 71. Ke1 Kd4 72. Rg3 e4
73. Rh3 e3 74. Rh8 1/2-1/2

[Event "exe Slovakia Open 2025"]
[Site "Bratislava SVK"]
[Date "2025.09.21"]
[Round "9.28"]
[White "Fudala, Dominik"]
[Black "Oruzinsky, Juraj"]
[Result "0-1"]
[BlackTitle "FM"]
[WhiteElo "1829"]
[BlackElo "2318"]
[WhiteFideId "1189298"]
[BlackFideId "14962195"]
[EventDate "2025.09.13"]

1. e4 c5 2. Nf3 Nc6 3. Nc3 Nd4 4. Bb5 a6 5. Bd3 g6 6. Nxd4 cxd4 7. Ne2 Bg7 8.
O-O e6 9. c3 dxc3 10. dxc3 Ne7 11. Bf4 d5 12. Re1 O-O 13. a4 e5 14. Be3 Be6 15.
f3 Rc8 16. Bf2 Nc6 17. b4 dxe4 18. fxe4 a5 19. Bb5 axb4 20. Bxc6 Rxc6 21. cxb4
Qxd1 22. Rexd1 Rc4 23. Ng3 Ra8 24. Be1 h5 25. a5 h4 26. Nf1 Rxe4 27. b5 Bf8 28.
a6 Bc5+ 29. Bf2 Bxf2+ 30. Kxf2 bxa6 31. bxa6 Rb4 32. Ne3 Rb6 33. Ra5 Raxa6 34.
Rxe5 Rb2+ 35. Kf3 Raa2 36. h3 Rf2+ 37. Ke4 Ra4+ 38. Kd3 Ra3+ 39. Kd4 Rf4+ 40.
Kc5 Kg7 41. Kd6 Ra6+ 42. Kc7 Rb4 43. Rd2 Ra8 44. Nd5 Rc8+ 45. Kd6 Rbc4 46. Ke7
R4c5 47. Rxe6 fxe6 48. Kxe6 Rc2 49. Rd4 R8c6+ 50. Ke5 Re2+ 51. Re4 Re6+ 52. Kxe6
Rxe4+ 53. Kd6 g5 54. Nc3 Re3 0-1

[Event "exe Slovakia Open 2025"]
[Site "Bratislava SVK"]
[Date "2025.09.21"]
[Round "9.29"]
[White "Canella, Jacopo"]
[Black "Reichel, Lukasz"]
[Result "1-0"]
[WhiteElo "2080"]
[BlackElo "1905"]
[WhiteFideId "2864750"]
[BlackFideId "1135961"]
[EventDate "2025.09.13"]

1. e4 c5 2. Nc3 d6 3. d4 cxd4 4. Qxd4 Nc6 5. Qd2 g6 6. b3 Bh6 7. f4 Nf6 8. Bb2
O-O 9. O-O-O e5 10. g3 Nd4 11. Nge2 Bg4 12. Bg2 Rc8 13. Nxd4 exd4 14. Qxd4 Bxd1
15. Rxd1 Bg7 16. Nd5 Nh5 17. Qxa7 Ra8 18. Qb6 Qxb6 19. Nxb6 Rxa2 20. Bxg7 Nxg7
21. Rxd6 Ra1+ 22. Kb2 Rg1 23. Rd2 Ne6 24. c4 Rd8 25. Nd5 Ra8 26. f5 Nc5 27. f6
Rga1 28. Ne7+ Kf8 29. Rd5 R1a2+ 30. Kc3 Nxb3 31. Kxb3 Rxg2 32. Rb5 Ra1 33. Kc3
Ke8 34. Rxb7 Rxh2 35. Nc6 h5 36. Re7+ Kf8 37. Ne5 Rf2 38. Rxf7+ Ke8 39. Re7+ Kd8
40. Nc6+ Kc8 41. e5 Ra3+ 42. Kb4 Rxg3 43. f7 Rgf3 44. e6 Rb2+ 45. Kc5 Rf5+ 46.
Ne5 Rxe5+ 47. Kc6 Rxe6+ 48. Rxe6 1-0

[Event "exe Slovakia Open 2025"]
[Site "Bratislava SVK"]
[Date "2025.09.21"]
[Round "9.30"]
[White "Skrinar, Marek"]
[Black "Thompson, Ian D"]
[Result "0-1"]
[BlackTitle "FM"]
[WhiteElo "1956"]
[BlackElo "2006"]
[WhiteFideId "14940710"]
[BlackFideId "405205"]
[EventDate "2025.09.13"]

1. e4 e6 2. d4 d5 3. e5 c5 4. c3 Qb6 5. Nf3 Bd7 6. Be2 Nc6 7. a3 Nh6 8. b4 cxd4
9. cxd4 Nf5 10. Be3 Nxe3 11. fxe3 g6 12. Qd3 Bh6 13. Nc3 Ne7 14. g4 Bg7 15. Nb5
Nc8 16. Rc1 Bc6 17. Nc3 a6 18. h4 h6 19. Kf2 Bf8 20. h5 g5 21. Rb1 Qd8 22. Rhf1
Nb6 23. Nd2 Qd7 24. Kg3 Bg7 25. Rf2 Rc8 26. b5 axb5 27. Nxb5 Bxb5 28. Qxb5 Qxb5
29. Rxb5 Na4 30. Rxb7 O-O 31. Bb5 Nc3 32. Rf1 Nxb5 33. Rxb5 Rc2 34. Nb3 f6 35.
exf6 Bxf6 36. Rf2 Be5+ 0-1

[Event "exe Slovakia Open 2025"]
[Site "Bratislava SVK"]
[Date "2025.09.21"]
[Round "9.31"]
[White "Livnansky, Michal"]
[Black "Galla, Richard"]
[Result "0-1"]
[WhiteElo "1912"]
[BlackElo "2035"]
[WhiteFideId "73622885"]
[BlackFideId "14948672"]
[EventDate "2025.09.13"]

1. e4 c5 2. Nf3 Nc6 3. Bb5 g6 4. Bxc6 dxc6 5. d3 Bg7 6. O-O e5 7. Be3 b6 8. Nbd2
Be6 9. Qe2 h6 10. c3 Ne7 11. b4 cxb4 12. cxb4 f5 13. exf5 Bxf5 14. Ne4 Nd5 15.
a3 O-O 16. Rac1 Rc8 17. Rc4 Be6 18. Rc2 Qd7 19. Qd2 Kh7 20. Rfc1 Nf4 21. Ne1 Bb3
22. Rc3 Bd5 23. f3 Ne6 24. Nc2 Nd4 25. Qf2 Nb5 0-1

[Event "exe Slovakia Open 2025"]
[Site "Bratislava SVK"]
[Date "2025.09.21"]
[Round "9.32"]
[White "Bartolome Martin, Angel"]
[Black "Herka, Jakub"]
[Result "1/2-1/2"]
[WhiteElo "1919"]
[BlackElo "1992"]
[WhiteFideId "24527823"]
[BlackFideId "21023743"]
[EventDate "2025.09.13"]

1. e4 c5 2. Nf3 d6 3. Bb5+ Nd7 4. O-O a6 5. Bxd7+ Bxd7 6. d4 cxd4 7. Qxd4 e5 8.
Qd3 h6 9. Nc3 Rc8 10. a4 Nf6 11. Rd1 Qc7 12. a5 Be7 13. Nd2 O-O 14. Nf1 Qc4 15.
Ne3 Qxd3 16. Rxd3 Be6 17. Bd2 Rc6 18. Be1 Rfc8 19. f3 Bd8 20. Na4 1/2-1/2

[Event "exe Slovakia Open 2025"]
[Site "Bratislava SVK"]
[Date "2025.09.21"]
[Round "9.34"]
[White "Hitka, Dominik"]
[Black "Nookala, Nikhil Sriram"]
[Result "1/2-1/2"]
[WhiteElo "2008"]
[BlackElo "1819"]
[WhiteFideId "14981106"]
[BlackFideId "146241958"]
[EventDate "2025.09.13"]

1. e4 c5 2. Nc3 Nc6 3. Bb5 Nd4 4. Nf3 a6 5. Bd3 g6 6. O-O Bg7 7. Re1 d6 8. Nxd4
cxd4 9. Ne2 d5 10. exd5 Qxd5 11. c3 Bg4 12. h3 dxc3 13. dxc3 Rd8 14. Qa4+ Bd7
15. Qe4 Bc6 16. Qxd5 Bxd5 17. Bc2 Nf6 18. Be3 1/2-1/2

[Event "exe Slovakia Open 2025"]
[Site "Bratislava SVK"]
[Date "2025.09.21"]
[Round "9.35"]
[White "Michalska, Aleksandra"]
[Black "Mikulas, Dusan"]
[Result "1/2-1/2"]
[BlackTitle "FM"]
[WhiteElo "1892"]
[BlackElo "2003"]
[WhiteFideId "1193953"]
[BlackFideId "14900521"]
[EventDate "2025.09.13"]

1. e4 e5 2. Nf3 Nc6 3. Nc3 Nf6 4. Bb5 Bc5 5. O-O d6 6. d3 h6 7. Be3 Bb6 8. Nd5
Bd7 9. Bxb6 axb6 10. Ne3 O-O 11. h3 Be6 12. Bxc6 bxc6 13. a3 c5 14. Nd2 d5 15.
Qe2 dxe4 16. dxe4 Ra4 17. Rfd1 Qa8 18. f3 Nh5 19. Qf1 Nf4 20. Ndc4 f6 21. b3 Ra7
22. a4 Qe8 23. Kh2 Qh5 24. Nd5 Bxd5 25. exd5 b5 26. axb5 Rxa1 27. Rxa1 Nxd5 28.
Qf2 Qg6 29. Qxc5 Nf4 30. Qf2 Rd8 31. Ne3 h5 32. Rd1 Rxd1 33. Nxd1 h4 34. Ne3 Qg5
35. Ng4 Nh5 36. Qe3 Qg6 37. Qd2 Ng3 38. Qd8+ Kh7 39. Qxc7 Qg5 40. Qc4 e4 41. Qf7
Kh8 42. Qf8+ Kh7 43. Qf7 Kh8 44. Qf8+ Kh7 45. Qf7 1/2-1/2

[Event "exe Slovakia Open 2025"]
[Site "Bratislava SVK"]
[Date "2025.09.21"]
[Round "9.36"]
[White "Mattinson, Kai"]
[Black "Zaiarski, Stepan"]
[Result "0-1"]
[WhiteElo "1882"]
[BlackElo "1987"]
[WhiteFideId "343401562"]
[BlackFideId "13907000"]
[EventDate "2025.09.13"]

1. e4 e5 2. Nc3 Nf6 3. f4 d5 4. fxe5 Nxe4 5. Qf3 Nxc3 6. bxc3 c5 7. Qg3 g6 8.
Bb5+ Nc6 9. Nf3 Bg7 10. Bxc6+ bxc6 11. O-O O-O 12. d4 Qa5 13. Qh4 Qxc3 14. Bh6
Ba6 15. Rfe1 Rae8 16. Rad1 cxd4 17. Ng5 f6 18. exf6 Rxe1+ 19. Rxe1 Bxf6 20. Qf2
Bg7 21. Re8 Qa1+ 22. Re1 Bxh6 23. Qxf8+ Kxf8 24. Ne6+ Ke7 0-1

[Event "exe Slovakia Open 2025"]
[Site "Bratislava SVK"]
[Date "2025.09.21"]
[Round "9.37"]
[White "Albu, Vlad"]
[Black "Dalgar, Hakki Berat"]
[Result "1/2-1/2"]
[BlackTitle "CM"]
[WhiteElo "1815"]
[BlackElo "1979"]
[WhiteFideId "13909622"]
[BlackFideId "6347444"]
[EventDate "2025.09.13"]

1. e4 c6 2. d4 d5 3. Nc3 dxe4 4. Nxe4 Bf5 5. Ng3 Bg6 6. h4 h6 7. h5 Bh7 8. Nf3
Nd7 9. Bd3 Bxd3 10. Qxd3 e6 11. Bf4 Ngf6 12. O-O-O Be7 13. Kb1 O-O 14. Ne4 Nxe4
15. Qxe4 Nf6 16. Qe2 Qd5 17. Ne5 Qe4 18. Qxe4 Nxe4 19. Be3 Rfd8 20. c4 Rac8 21.
Kc2 b5 22. c5 Rd5 23. b4 a5 24. a3 a4 25. g4 Bf6 26. f4 Bxe5 27. fxe5 Rcd8 28.
Rhf1 R5d7 29. Rf3 Rd5 30. Rff1 R5d7 31. Rf3 Rd5 1/2-1/2

[Event "exe Slovakia Open 2025"]
[Site "Bratislava SVK"]
[Date "2025.09.21"]
[Round "9.38"]
[White "Smetana, Peter"]
[Black "Simon, Peter"]
[Result "0-1"]
[WhiteElo "1956"]
[BlackElo "1871"]
[WhiteFideId "14961946"]
[BlackFideId "14995948"]
[EventDate "2025.09.13"]

1. e4 g6 2. d4 Bg7 3. Nf3 d6 4. Bc4 Nc6 5. O-O Nf6 6. Qe2 Bg4 7. c3 O-O 8. h3
Bxf3 9. Qxf3 e5 10. d5 Ne7 11. Bg5 Nd7 12. Nd2 h6 13. Be3 f5 14. exf5 gxf5 15.
Nb3 Nf6 16. Rad1 Kh8 17. Rfe1 Rg8 18. Bc1 Qe8 19. Na5 Rb8 20. Kf1 Qg6 21. Bf4 e4
22. Qg3 Qf7 23. Qe3 Kh7 24. Nb3 Nh5 25. Bh2 Qg6 26. g3 Bf6 27. g4 Ng7 28. gxf5
Ngxf5 29. Qxe4 Rbe8 30. Bd3 Qh5 31. Qe3 Kh8 32. Bxf5 Nxf5 33. Qd3 Qg5 34. Qf3
Nh4 35. Qh1 Qf5 36. Bg3 Ref8 37. Qe4 Qxh3+ 38. Kg1 Be5 0-1

[Event "exe Slovakia Open 2025"]
[Site "Bratislava SVK"]
[Date "2025.09.21"]
[Round "9.39"]
[White "Gouterney, Anton"]
[Black "Krivosik, Matus"]
[Result "1-0"]
[WhiteElo "2000"]
[BlackElo "1838"]
[WhiteFideId "34675418"]
[BlackFideId "73619671"]
[EventDate "2025.09.13"]

1. e4 c6 2. d4 d5 3. e5 c5 4. dxc5 Nc6 5. f4 Nh6 6. c3 Bg4 7. Nf3 e6 8. Be3 Nf5
9. Bf2 d4 10. Bb5 Ne3 11. Bxe3 dxe3 12. b4 Qxd1+ 13. Kxd1 O-O-O+ 14. Ke2 Ne7 15.
h3 Nf5 16. hxg4 Ng3+ 17. Kxe3 Nxh1 18. Nbd2 a6 19. Ba4 Ng3 20. Kf2 Rd3 21. Kxg3
Rxc3 22. a3 f6 23. Ne4 1-0

[Event "exe Slovakia Open 2025"]
[Site "Bratislava SVK"]
[Date "2025.09.21"]
[Round "9.40"]
[White "Hasala, Richard"]
[Black "Voiculescu-Holvad, Stefan"]
[Result "1-0"]
[WhiteElo "1996"]
[BlackElo "1875"]
[WhiteFideId "14969157"]
[BlackFideId "20692005"]
[EventDate "2025.09.13"]

1. d4 Nf6 2. Nf3 d6 3. e3 g6 4. Bd3 Bg7 5. O-O O-O 6. e4 Nc6 7. c3 Bg4 8. Nbd2
e5 9. h3 Bxf3 10. Nxf3 d5 11. exd5 Nxd5 12. dxe5 Nxe5 13. Nxe5 Bxe5 14. Be4 c6
15. Qf3 Nb6 16. a4 Qf6 17. a5 Qxf3 18. Bxf3 Nd5 19. a6 b5 20. Bxd5 cxd5 21. Ra5
Rab8 22. Rd1 Bc7 23. Ra1 Rfd8 24. Be3 Bb6 25. Bg5 Rd7 26. Rd2 Kg7 27. Rad1 f6
28. Bf4 Rbd8 29. g4 d4 30. Rd3 Kf7 31. Be3 Ke6 32. cxd4 Rd5 33. Kg2 Rc8 34. Rc3
Rcd8 35. Rc6+ Kf7 36. Kf3 f5 37. g5 R8d7 38. h4 Kg8 39. Rc8+ Rd8 40. Rxd8+ Bxd8
41. Rc1 Bb6 42. b3 Kf7 43. Ke2 Ke6 44. Rc6+ Ke7 45. Rxb6 axb6 46. a7 Rd8 47. Bf4
Ra8 48. Bb8 Ke6 49. Kd3 Kd5 50. Kc3 Ke4 51. Kb4 Kxd4 52. Kxb5 Kc3 53. Kxb6 Kxb3
54. Kb7 Rxa7+ 55. Bxa7 Kc4 56. Kc6 Kd3 57. Kd5 Ke2 58. Ke5 Kf3 59. Kf6 Kg4 60.
Kg7 Kxh4 61. Be3 Kg4 62. Kxh7 f4 63. Kxg6 1-0

[Event "exe Slovakia Open 2025"]
[Site "Bratislava SVK"]
[Date "2025.09.21"]
[Round "9.41"]
[White "Eichler, Alexander"]
[Black "Kopia, Julian"]
[Result "1-0"]
[WhiteElo "1976"]
[BlackElo "1800"]
[WhiteFideId "12935921"]
[BlackFideId "41806417"]
[EventDate "2025.09.13"]

1. d4 Nf6 2. c4 g6 3. Nc3 Bg7 4. e4 d6 5. h3 O-O 6. Be3 Nbd7 7. Nge2 e5 8. d5
Qe7 9. g4 Nc5 10. Ng3 a5 11. Qd2 c6 12. f3 Bd7 13. h4 cxd5 14. cxd5 Rfb8 15. h5
b5 16. Bh6 Bh8 17. Nf5 Bxf5 18. gxf5 b4 19. Nd1 b3 20. a3 Qe8 21. Ne3 Rc8 22.
Nc4 Nb7 23. Rc1 Rc7 24. fxg6 fxg6 25. Bh3 Bg7 26. Be6+ Kh8 27. Ke2 Nxh5 28. Rxh5
gxh5 29. Nxd6 Qe7 30. Rxc7 Qxc7 31. Nf7+ Kg8 32. Nxe5+ Kh8 33. d6 Qc2 34. Bxg7+
Kxg7 35. Bd5 Rd8 36. Bxb7 Rxd6 37. Bd5 h4 38. Ke3 h3 39. Ng4 h5 40. Qd4+ Kh7 41.
Qa7+ Kh8 42. Qb8+ Kg7 1-0

[Event "exe Slovakia Open 2025"]
[Site "Bratislava SVK"]
[Date "2025.09.21"]
[Round "9.42"]
[White "Orlov, Konstantin"]
[Black "Matejka, Simon"]
[Result "1/2-1/2"]
[WhiteElo "1785"]
[BlackElo "1950"]
[WhiteFideId "1681575"]
[BlackFideId "14974541"]
[EventDate "2025.09.13"]

1. d4 Nf6 2. c4 e6 3. g3 d5 4. Bg2 Bb4+ 5. Bd2 Be7 6. Nf3 O-O 7. Qc2 Nc6 8. O-O
Ne4 9. Rd1 f5 10. Bc1 a5 11. a3 Qe8 12. Nc3 Qf7 13. Ne5 Nxe5 14. dxe5 c6 15. Be3
h5 16. Rab1 g5 17. Nxe4 fxe4 18. b4 Qg7 19. b5 Qxe5 20. bxc6 bxc6 21. cxd5 cxd5
22. Qc6 Ra6 23. Rb6 Rxb6 24. Bxb6 Bxa3 25. Bxa5 Qd6 26. Qc2 Qc5 27. Qd2 Qxf2+
28. Kh1 Be7 29. Rf1 Qc5 30. Rc1 e3 31. Qe1 Qa3 32. Rc7 Ba6 33. Qb1 Bd3 34. exd3
Qxa5 35. d4 Qxc7 36. Qg6+ Kh8 37. Qh6+ Kg8 38. Qg6+ Kh8 39. Qh6+ 1/2-1/2

[Event "exe Slovakia Open 2025"]
[Site "Bratislava SVK"]
[Date "2025.09.21"]
[Round "9.43"]
[White "Benci, Jozef"]
[Black "Munk, Lubomir"]
[Result "1-0"]
[WhiteElo "1960"]
[BlackElo "1769"]
[WhiteFideId "14967596"]
[BlackFideId "14903806"]
[EventDate "2025.09.13"]

1. d4 Nf6 2. Nc3 d5 3. Bf4 a6 4. e3 Bf5 5. f3 h6 6. g4 Bh7 7. Bd3 Bxd3 8. Qxd3
e6 9. O-O-O Bd6 10. Nge2 Nc6 11. h4 Bxf4 12. Nxf4 Qd6 13. g5 Nd7 14. gxh6 Rxh6
15. Rdg1 g6 16. h5 Nb4 17. Qd2 e5 18. hxg6 Rxh1 19. Rxh1 O-O-O 20. dxe5 Nxe5 21.
g7 Qf6 22. Ncxd5 Nxd5 23. Nxd5 Qg5 24. Ne7+ Qxe7 25. Qxd8+ Kxd8 26. Rd1+ Nd7 27.
g8=Q+ Qe8 28. Qxe8+ Kxe8 29. Rh1 Ke7 30. e4 Ke6 31. f4 Nc5 32. Rh5 b6 33. Rxc5
bxc5 34. Kd2 f6 35. Kc3 Kd6 36. Kc4 Kc6 37. e5 fxe5 38. fxe5 a5 39. e6 Kd6 40.
e7 Kxe7 41. Kxc5 1-0

[Event "exe Slovakia Open 2025"]
[Site "Bratislava SVK"]
[Date "2025.09.21"]
[Round "9.44"]
[White "Jursa, Juraj"]
[Black "Deak, Gabriel"]
[Result "0-1"]
[WhiteElo "1756"]
[BlackElo "1956"]
[WhiteFideId "73619256"]
[BlackFideId "14906295"]
[EventDate "2025.09.13"]

1. e4 d5 2. exd5 Nf6 3. Bb5+ Bd7 4. Bc4 Bg4 5. f3 Bf5 6. Nc3 Nbd7 7. d4 Nb6 8.
Bb3 Nfxd5 9. Nge2 g6 10. O-O Bg7 11. Nxd5 Nxd5 12. c4 Nb6 13. Be3 O-O 14. Qd2 e5
15. d5 c6 16. Nc3 cxd5 17. cxd5 Rc8 18. a4 a6 19. Qf2 Nc4 20. Bxc4 Rxc4 21. Bc5
Re8 22. Rac1 Qc8 23. Ne4 Rxc1 24. Rxc1 Qd7 25. Nd6 Rd8 26. g4 Bd3 27. b3 b6 28.
Bxb6 Qxd6 29. Bxd8 Qxd8 30. Qc5 Bf8 31. Qc6 Qg5 32. Re1 e4 33. d6 exf3 34. Qxf3
Qc5+ 35. Kh1 Qxd6 36. Re3 Bc2 37. Kg2 Bd1 38. Qg3 Qc6+ 39. Kh3 h5 40. gxh5 Bxh5
41. Qf4 Bd6 42. Qd4 Bf8 43. Qf4 Qd7+ 44. Kg2 Qd2+ 45. Kh3 Be2 46. Qe4 Bf1+ 47.
Kg3 Bd6+ 48. Kh4 Qxh2+ 49. Kg5 Bf8 50. Qe8 Qf2 51. Re4 Qf5+ 52. Kh4 g5+ 53. Kg3
Bd3 54. Re3 Qf4+ 55. Kg2 Bf1+ 56. Kg1 g4 57. Re1 Bd3 58. Qc6 Qg3+ 0-1

[Event "exe Slovakia Open 2025"]
[Site "Bratislava SVK"]
[Date "2025.09.21"]
[Round "9.46"]
[White "Osvald, David"]
[Black "Korenova, Simona"]
[Result "0-1"]
[WhiteElo "1815"]
[BlackElo "1905"]
[WhiteFideId "14974398"]
[BlackFideId "14941813"]
[EventDate "2025.09.13"]

1. e4 c5 2. Nf3 d6 3. Bb5+ Bd7 4. Bxd7+ Qxd7 5. O-O Nc6 6. c3 d5 7. exd5 Qxd5 8.
d4 e6 9. Be3 cxd4 10. Nxd4 Nf6 11. Nd2 Be7 12. Qa4 O-O 13. Nxc6 Qxc6 14. Qxc6
bxc6 15. Bg5 Nd5 16. Bxe7 Nxe7 17. Rfd1 Rfd8 18. Nc4 h6 19. f3 Rab8 20. Kf2 Rd5
21. Ke2 Rc5 22. b3 Nd5 23. Rac1 a5 24. Rd4 e5 25. Nxe5 Re8 26. Kd2 Rxe5 27. f4
Re8 28. c4 Nf6 29. Kd3 Rf5 30. Rd6 Rc8 31. g3 Ng4 32. Rc2 h5 33. h3 Nf6 34. Re2
h4 35. g4 Rxf4 36. g5 Nh5 37. Re3 Ng3 38. Re5 Rf5 39. Kd4 Rxe5 40. Kxe5 Re8+ 41.
Kf4 Re4+ 42. Kf3 Re6 43. Rd8+ Kh7 44. Ra8 Re5 45. Ra6 Rc5 46. Ke3 Nf5+ 47. Kf4
Kg6 48. Kg4 Nd4 49. Kxh4 Rxg5 0-1

[Event "exe Slovakia Open 2025"]
[Site "Bratislava SVK"]
[Date "2025.09.21"]
[Round "9.47"]
[White "Vasko, Matej"]
[Black "Bednar, Daniel"]
[Result "1/2-1/2"]
[WhiteElo "1926"]
[BlackElo "1764"]
[WhiteFideId "14969360"]
[BlackFideId "14989620"]
[EventDate "2025.09.13"]

1. c4 Nf6 2. Nf3 g6 3. Nc3 c5 4. g3 Nc6 5. Bg2 Bg7 6. O-O d6 7. d3 O-O 8. Rb1
Rb8 9. a3 a6 10. b4 cxb4 11. axb4 b5 12. cxb5 axb5 13. d4 Bf5 14. Rb3 Ne4 15.
Nxe4 Bxe4 16. d5 Bxf3 17. exf3 Ne5 18. Bb2 Qd7 19. f4 Nc4 20. Bxg7 Kxg7 21. Qd4+
Kg8 22. Ra1 Ra8 23. Rbb1 Qb7 24. Bf1 Nb6 25. Ra5 Nc4 26. Bxc4 bxc4 27. Rxa8 Rxa8
28. Qxc4 Rc8 29. Qd4 Qb5 30. Ra1 Rb8 31. Rc1 Qb7 32. Rc6 f6 33. Qe4 Kf8 34. h4
Kf7 35. Rc4 Qd7 36. Kg2 Rb5 37. h5 f5 38. Qd4 Qb7 39. Rc6 Qb8 40. Rc4 Qb7 41.
hxg6+ 1/2-1/2